Einfuhrung in die Philosophie

Αποθηκεύτηκε σε:
Λεπτομέρειες βιβλιογραφικής εγγραφής
Κύριος συγγραφέας: Hartmann, Nicolai, 1882-1950
Μορφή: Βιβλίο
Γλώσσα:German
Δημοσίευση: Gottingen : [χ.ό.], 1949
Έκδοση:5η έκδ.
Θέματα:
Ετικέτες: Προσθήκη ετικέτας
Δεν υπάρχουν, Καταχωρήστε ετικέτα πρώτοι!

MARC

LEADER 00000cam a2200000 i 4500
001 1/30768
008 060605s1949 ger d
035 |l 10084234 
040 |a GR-MY-UA  |b gre  |e aacr 
041 0 |a ger 
082 0 |a 193  |2 (22) 
100 1 |a Hartmann, Nicolai,   |d 1882-1950. 
245 1 0 |a Einfuhrung in die Philosophie /  |c Nicolai Hartmann 
250 |a 5η έκδ. 
260 |a Gottingen :   |b [χ.ό.],   |c 1949 
300 |a 208 σ.;  |c 21 εκ. 
650 0 0 |a Philosophy  |x Introductions. 
852 |a INST  |b RHODES  |c KRI  |e 20060605  |h  193 HAR  |p 005400020985  |q 005400020985  |t BK  |y 0 
901 |a BIBL4-2006-2 
909 |a Ρ  |b 123544 
970 |a ΚΟΖΑ  |b ΜΑΡΙΑ  |z 2006/06/05